000 00319nam a2200133Ia 4500
005 20260326100035.0
008 260326s9999||||xx |||||||||||||| ||und||
100 _aPeissel, Michel
245 0 _aEl Mundo perdido de los Mayas /
_cMichel Peissel
260 _bJuventud
300 _a271 p.
650 _aARTE
942 _cBK
999 _c6787
_d6787